000 00371nam a22001337a 4500
008 250311b |||||||| |||| 00| 0 eng d
020 _a1874529329
050 _aHD82
_b.D47
100 _aAYRES, Ron
245 _a Development Studies: An Introduction Through Selected Reading
260 _aEngland
_bGreenwich University Press
_c1995
300 _axvi, 696p.
942 _cBK
999 _c2235
_d2235